| 000 | 00396nam a2200145Ia 4500 | ||
|---|---|---|---|
| 008 | 231217s9999 xx 000 0 und d | ||
| 041 | _aEnglish | ||
| 082 | _a001.53 DRI;1 R | ||
| 100 | _aDriankov, Dimiter Hellendoorn, Hans Reinfrank, Michael | ||
| 245 | 0 | _aIntroduction to fuzzy control | |
| 260 |
_c1993 _bNarosa _aNew Delhi |
||
| 300 | _axv+316 | ||
| 650 | _aFuzzy,control | ||
| 942 | _cAA | ||
| 999 |
_c173600 _d173600 |
||